Globalization : (Record no. 11631)
[ view plain ]
| 000 -LEADER | |
|---|---|
| fixed length control field | 01367cam a2200325 a 4500 |
| 001 - CONTROL NUMBER | |
| control field | 14989829 |
| 005 - DATE AND TIME OF LATEST TRANSACTION | |
| control field | 20080522091340.0 |
| 008 - FIXED-LENGTH DATA ELEMENTS--GENERAL INFORMATION | |
| fixed length control field | 070831s2008 nyua b 001 0 eng |
| 010 ## - LIBRARY OF CONGRESS CONTROL NUMBER | |
| LC control number | 2007036214 |
| 020 ## - INTERNATIONAL STANDARD BOOK NUMBER | |
| International Standard Book Number | 9780826493644 (hardcover : alk. paper) |
| 020 ## - INTERNATIONAL STANDARD BOOK NUMBER | |
| International Standard Book Number | 0826493645 (hardcover : alk. paper) |
| 020 ## - INTERNATIONAL STANDARD BOOK NUMBER | |
| International Standard Book Number | 9780826493651 (pbk. : alk. paper) |
| 020 ## - INTERNATIONAL STANDARD BOOK NUMBER | |
| International Standard Book Number | 0826493653 (pbk. : alk. paper) |
| 035 ## - SYSTEM CONTROL NUMBER | |
| System control number | (OCoLC)ocn154691781 |
| 035 ## - SYSTEM CONTROL NUMBER | |
| System control number | (OCoLC)154691781 |
| Canceled/invalid control number | (OCoLC)154691782 |
| 040 ## - CATALOGING SOURCE | |
| Original cataloging agency | DLC |
| Transcribing agency | DLC |
| Modifying agency | BTCTA |
| -- | BAKER |
| -- | YDXCP |
| -- | C#P |
| -- | DLC |
| 050 00 - LIBRARY OF CONGRESS CALL NUMBER | |
| Classification number | JZ1318 |
| Item number | .G67916 2008 |
| 082 00 - DEWEY DECIMAL CLASSIFICATION NUMBER | |
| Classification number | 303.482 |
| Edition number | 22 |
| Item number | GLO |
| 245 00 - TITLE STATEMENT | |
| Title | Globalization : |
| Remainder of title | Theory and practice / |
| Statement of responsibility, etc | Edited by Eleonore Kofman and Gillian Youngs. |
| 250 ## - EDITION STATEMENT | |
| Edition statement | 3rd ed. |
| 260 ## - PUBLICATION, DISTRIBUTION, ETC. (IMPRINT) | |
| Place of publication, distribution, etc | New York : |
| Name of publisher, distributor, etc | Continuum International Pub. Group, |
| Date of publication, distribution, etc | c2008. |
| 300 ## - PHYSICAL DESCRIPTION | |
| Extent | xii, 296 p. : |
| Other physical details | ill. ; |
| Dimensions | 25 cm. |
| 504 ## - BIBLIOGRAPHY, ETC. NOTE | |
| Bibliography, etc | Includes bibliographical references and index. |
| 650 #0 - SUBJECT ADDED ENTRY--TOPICAL TERM | |
| Topical term or geographic name as entry element | Globalization. |
| 9 (RLIN) | 5256 |
| 700 1# - ADDED ENTRY--PERSONAL NAME | |
| Personal name | Kofman, Eleonore. |
| 9 (RLIN) | 5257 |
| 700 1# - ADDED ENTRY--PERSONAL NAME | |
| Personal name | Youngs, Gillian |
| Dates associated with a name | 1956- |
| 9 (RLIN) | 5258 |
| 942 ## - ADDED ENTRY ELEMENTS (KOHA) | |
| Source of classification or shelving scheme | Dewey Decimal Classification |
| Item type | Book - Borrowing |
| Withdrawn status | Item status | Source of classification or shelving scheme | Damaged status | Not for loan | Vendor | Home library | Current library | Shelving location | Date acquired | Source of acquisition | Cost, normal purchase price | Serial Enumeration / chronology | Total Checkouts | Total Renewals | Full call number | Barcode | Date last seen | Date last borrowed | Koha item type |
|---|---|---|---|---|---|---|---|---|---|---|---|---|---|---|---|---|---|---|---|
| Dewey Decimal Classification | Alahram | Central Library | Central Library | First floor | 25/05/2009 | 221.00 | 356 | 8 | 15 | 303.482 GLO | 000016442 | 15/07/2025 | 18/11/2020 | Book - Borrowing |